000 01007nam a2200265 i 4500
001 bg
100 1 _aKWAŚNIEWSKI, Aleksander
_d(1954- )
245 1 0 _aPrzemówienia, listy, wywiady :
_blipiec - grudzień 2005 : wybór /
_cAleksander Kwaśniewski ; [wybór i oprac. red. Stanisław Ćwik, Katarzyna Dombska].
260 _aWarszawa :
_bKancelaria Prezydenta RP [Rzeczypospolitej Polskiej],
_ccop. 2005.
300 _a502 s., [1] k. tabl. kolor. :
_bfot. ;
_c24 cm.
600 1 9 _aKwaśniewski, Aleksander (1954- )
650 9 _aListy polskie
_yod 2001 r.
650 9 _aMowy polskie
_yod 2001 r.
650 9 _aPublicystyka polska
_yod 2001 r.
651 9 _aPolska
_xpolityka
_yod 2001 r.
655 _aŹródła historyczne
700 1 _aDOMBSKA, Katarzyna.
_eAut. wyboru
700 1 _aĆWIK, Stanisław.
_eAut. wyboru
015 _aPB 10659/2005
040 _cBPK
041 0 _apol
080 _a323+327](438)"2001/..."(042+044+047.53)
942 _cKS
008 s pl f |000 0 pol
999 _c51328
_d51328
856 _uhttp://koha.tu.koszalin.pl/cgi-bin/koha/opac-detail.pl?biblionumber=51328
_yKatalog online BPK